A arara e o guaraná (Record no. 47215)

MARC details
000 -LÍDER
campo de controle de tamanho fixo 00357 a2200157 4500
001 - NÚMERO DE CONTROLE
campo de controle 47215
020 ## - ISBN - INTERNATIONAL STANDARD BOOK NUMBER
ISBN - International Standard Book Number 9788508158072
040 ## - FONTE DA CATALOGAÇÃO
Instituição que transcreveu o registro Anchieta - Aquarius
100 ## - ENTRADA PRINCIPAL--NOME PESSOAL
Nome pessoal Machado, Ana Maria
240 10 - TÍTULO UNIFORME
Título uniforme A arara e o guaraná
Idioma da obra por
245 10 - TÍTULO
Título A arara e o guaraná
300 ## - DESCRIÇÃO FÍSICA
Extensão 24p.
362 0# - DATAS DE PUBLICAÇÃO E/OU DESIGNAÇÃO SEQUENCIAL
Datas de publicação e/ou designação sequencial 2013
650 #4 - ASSUNTO--TERMO TÓPICO
Cabeçalho tópico ou nome geográfico Literatura infanto-juvenil
942 ## - ELEMENTOS DE ENTRADA ADICIONADOS (KOHA)
Tipo de material Koha Livros
Holdings
Situação do descarte Situação das perdas Situação física Não pode ser emprestado Biblioteca de origem Biblioteca atual Data de aquisição Total de empréstimos Número de chamada completo Código de barras Data de último acesso Data do preço efetivo Tipo de material Koha Fonte da classificação ou esquema de arquivamento na estante Nota pública
        Colégio Anchieta - Aquarius Colégio Anchieta - Aquarius 21/11/2023   028.5 MAC ARA 5690/AQU 21/11/2023 21/11/2023 Livros    
        Leonardo Da Vinci - Alphaville 2 Leonardo Da Vinci - Alphaville 2 27/03/2024   028.5 M149ar 2A549 27/03/2024 27/03/2024 Livros    
        Leonardo Da Vinci - Granja Viana Leonardo Da Vinci - Granja Viana 27/03/2024   I M129a G01157 27/03/2024 27/03/2024 Livros    
        Novo Tempo - Aureliano São José Novo Tempo - Aureliano São José 27/06/2024     if5 27/06/2024 27/06/2024 Livros Classificação Decimal de Dewey A
        Novo Tempo - Aureliano São José Novo Tempo - Aureliano São José 27/06/2024     if83 27/06/2024 27/06/2024 Livros Classificação Decimal de Dewey A